书目信息 |
| 题名: |
做合格的共产党员
|
|
| 作者: | ;中共中央书记处研究室政治组《做合格的共产党员》编写组 编 | |
| 分册: | 第二集 | |
| 出版信息: | 北京 中共中央党校出版社 1983.11 |
|
| 页数: | 204页 | |
| 开本: | 19cm | |
| 丛书名: | ||
| 单 册: | ||
| 中图分类: | D263.1 | |
| 科图分类: | ||
| 主题词: | 中国共产党--党员--标准 | |
| 电子资源: | ||
| ISBN: | ||
| 000 | 00763nam0 2200205 45 | |
| 001 | 0301100994 | |
| 005 | 20050630082131.6 | |
| 010 | @dCNY0.64 | |
| 091 | @a3230.149 | |
| 100 | @a20030110d1983 km y0chiy0120 ea | |
| 101 | 0 | @achi |
| 105 | @a z 000yy | |
| 200 | 1 | @a做合格的共产党员@AZuo He Ge De Gong Chan Dang Yuan@h第二集@f中共中央书记处研究室政治组《做合格的共产党员》编写组编@FZhong Gong Zhong Yang Shu Ji Chu Yan Jiu Shi Zheng Zhi Zu《Zuo He Ge De Gong Chan Dang Yuan》Bian Xie Zu Bian |
| 210 | @a北京@c中共中央党校出版社@d1983.11 | |
| 215 | @a204页@d19cm | |
| 606 | 0 | @a中国共产党@x党员@x标准 |
| 690 | @aD263.1@v3 | |
| 711 | 02 | @a中共中央书记处研究室政治组《做合格的共产党员》编写组@4编 |
| 801 | @aCN@bTSTC@c20030922 | |
| 905 | @dD263.1@e24:2@f1@b254604 | |
| 做合格的共产党员.第二集/中共中央书记处研究室政治组《做合格的共产党员》编写组编.-北京:中共中央党校出版社,1983.11 |
| 204页;19cm |
| ISBN :CNY0.64 |
| ● |
| 相关链接 |
|
|
|
|
正题名:做合格的共产党员
索取号:D263.1/24:2
 
预约/预借
| 序号 | 登录号 | 条形码 | 馆藏地/架位号 | 状态 | 备注 |
| 1 | 0254604 | 000380340 | 第一样本阅览室/ [索取号:D263.1/24:2] | 在馆 | |
| 2 | 0254605 | 000380331 | 密集书库/ [索取号:D263.1/24:2] | 在馆 | |
| 3 | 0254606 | 001728349 | 密集书库/ [索取号:D263.1/24:2] | 在馆 |